000 00595nam a2200217Ia 4500
003 OSt
005 20220925201951.0
006 a|||||r|||| 00| 0
007 ta
008 220923b |||||||| |||| 00| 0 eng d
037 _cGeneral Book
040 _aRTL
_cRTL
_beng
041 _2eng
_aeng
082 _aYxN16s, N6
100 _aSrinivas M N
_914491
245 0 _aIndian society through personal writings
260 _aDelhi
_bOxford University Press
_c1996
300 _axi, 245p
_ccm.
942 _hYxN16s, N6
_cGB
_2CC
999 _c541977
_d541977